| 000 -LEADER |
| fixed length control field |
00537nam a2200205Ia 4500 |
| 003 - CONTROL NUMBER IDENTIFIER |
| control field |
OSt |
| 005 - DATE AND TIME OF LATEST TRANSACTION |
| control field |
20250526154059.0 |
| 008 - FIXED-LENGTH DATA ELEMENTS--GENERAL INFORMATION |
| fixed length control field |
250310s9999||||xx |||||||||||||| ||und|| |
| 020 ## - INTERNATIONAL STANDARD BOOK NUMBER |
| International Standard Book Number |
0408004169 |
| 040 ## - CATALOGING SOURCE |
| Transcribing agency |
. |
| 082 ## - DEWEY DECIMAL CLASSIFICATION NUMBER |
| Classification number |
623.873 |
| Item number |
M6621 |
| 100 ## - MAIN ENTRY--PERSONAL NAME |
| 9 (RLIN) |
1939 |
| Personal name |
Milton, J. H. |
| 245 #0 - TITLE STATEMENT |
| Title |
Marine steam boilers / |
| Statement of responsibility, etc. |
J. H. Milton and Roy M. Leach |
| 250 ## - EDITION STATEMENT |
| Edition statement |
4th ed. |
| 260 ## - PUBLICATION, DISTRIBUTION, ETC. |
| Place of publication, distribution, etc. |
London : |
| Name of publisher, distributor, etc. |
Butterworths, |
| Date of publication, distribution, etc. |
1980. |
| 300 ## - PHYSICAL DESCRIPTION |
| Extent |
591 p. |
| 490 ## - SERIES STATEMENT |
| Series statement |
Marine Engineering Series |
| 650 #0 - SUBJECT ADDED ENTRY--TOPICAL TERM |
| 9 (RLIN) |
230 |
| Topical term or geographic name entry element |
Marine Steam Boilers |
| 942 ## - ADDED ENTRY ELEMENTS (KOHA) |
| Koha item type |
Books |
| Source of classification or shelving scheme |
|